V NR SR je vyše osemdesiat nováčikov

Bibliographic Details
Format: Article
Language:Slovak
PhysicalDescription:Fotogr.
ISSN:1335-4051
Subjects:

MARC

LEADER 00000nab a2200000 a 4500
001 vtls008829889
003 SK-MaSNL
005 20260304015657.0
008 060710c20060707xo ur| 0 0slo
015 |a SNBRB2006/07 
038 |a RVGKPD 
040 |a RVGKPD  |b slo  |c RVGKPD  |e AACR2 
041 |a slo 
044 |a xo  |c SK 
080 |a 328  |x (437.6)  |2 1997 
245 0 0 |a V NR SR je vyše osemdesiat nováčikov 
300 |b Fotogr. 
610 1 7 |a Slovensko.  |b Národná rada  |2 rvgkpd  |9 165573 
773 0 |t Pravda  |g Roč. XVI, č. 155 (7.7.2006), s. 4  |x 1335-4051 
852 |a RVGKPD  |b KIS3G 
992 |a RBX 
999 |c 2593213  |d 2595143